000 00558nam a2200181Ia 4500
008 090123s9999 xx 000 0 und d
082 _b2494
100 _aबनहट्टी राजेंद्र
245 _aसमानधर्मा
250 _a1
260 _bकल्पना मु.
_c1972
300 _a134
600 _aबनहट्टी राजेंद्र
630 _aसमानधर्मा
700 _aबनहट्टी राजेंद्र
730 _aसमानधर्मा
942 _cBOOK
999 _c40578
_d40578